000 00640nam a2200217 i 4500
001 129023
003 ES-MaACL
005 20230906193425.0
007 t|
008 070604s1962 sp ||||1| spa d
080 _a85-311.2"19"
100 1 _aTecchi, Bonaventura.
_9109496
245 1 4 _aLos egoistas /
_cpor Bonaventura Tecchi ; [traducción del italiano por David Romano].
260 _aBarcelona :
_bVergara,
_c[1962]
300 _a317 p. ;
_c22 cm.
490 1 _aColección Velero
700 1 _aRomano, David.
_999249
830 0 _aColección Velero
_9219315
852 _aES-MaACL
_jC-21937
_bR.50403
999 _c129023
_d129023